Учебник английского языка: Для высших учебных заведений заочного обучения; В 2-х т.

מידע ביבליוגרפי
מחבר ראשי: Петрова А. В. Анастасия Владимировна
מחברים אחרים: Понтович С. В. Софья Викторовна
שפה:רוסית
יצא לאור: Москва, Изд-во литературы на иностранных языках, 1960
פורמט: MixedMaterials ספר
KOHA link:https://koha.lib.tpu.ru/cgi-bin/koha/opac-detail.pl?biblionumber=67817

MARC

LEADER 00000nam1a2200000 4500
001 67817
005 20231031074050.0
035 |a (RuTPU)RU\TPU\book\72211 
090 |a 67817 
100 |a 20040924d1960 m y0rusy50 ca 
101 0 |a rus 
102 |a RU 
200 1 |a Учебник английского языка  |e Для высших учебных заведений заочного обучения  |e В 2-х т.  |f А. В. Петрова, С. В. Понтович 
210 |a Москва  |c Изд-во литературы на иностранных языках  |d 1960 
675 |a 42(02)  |v 3 
700 1 |a Петрова  |b А. В.  |g Анастасия Владимировна 
701 1 |a Понтович  |b С. В.  |g Софья Викторовна 
801 1 |a RU  |b 63413507  |c 20040924  |g PSBO 
801 2 |a RU  |b 63413507  |c 20060512  |g PSBO 
942 |c BK